Comprehensive guide to AI and expert systems using turbo pascal / (Record no. 181319)

MARC details
000 -LEADER
fixed length control field 00869nam a2200253Ia 4500
003 - CONTROL NUMBER IDENTIFIER
control field OSt
005 - DATE AND TIME OF LATEST TRANSACTION
control field 20251125101033.0
008 - FIXED-LENGTH DATA ELEMENTS--GENERAL INFORMATION
fixed length control field 210716s1988 xx 000 0 und d
020 ## - INTERNATIONAL STANDARD BOOK NUMBER
International Standard Book Number 71005099
040 ## - CATALOGING SOURCE
Transcribing agency AIMIT LIBRARY
041 ## - LANGUAGE CODE
Language code of text/sound track or separate title eng
082 ## - DEWEY DECIMAL CLASSIFICATION NUMBER
Classification number 006.3
Edition number 1
Item number LEVR
100 ## - MAIN ENTRY--PERSONAL NAME
Personal name Levine, Robert I.
9 (RLIN) 246747
245 ## - TITLE STATEMENT
Title Comprehensive guide to AI and expert systems using turbo pascal /
Statement of responsibility, etc. By Robert I Levine, Diane E Drang and Barry Edelson.
250 ## - EDITION STATEMENT
Edition statement 1st ed.
260 ## - PUBLICATION, DISTRIBUTION, ETC.
Place of publication, distribution, etc. New York :
Name of publisher, distributor, etc. McGraw Hill ,
Date of publication, distribution, etc. 1988.
300 ## - PHYSICAL DESCRIPTION
Extent xi,257p. ;
Other physical details PB
Dimensions 21.8 cm
650 ## - SUBJECT ADDED ENTRY--TOPICAL TERM
Topical term or geographic name entry element Human and machine intelligence
9 (RLIN) 246748
650 ## - SUBJECT ADDED ENTRY--TOPICAL TERM
Topical term or geographic name entry element Inference mechanisms : tools for machine thinking
9 (RLIN) 246749
650 ## - SUBJECT ADDED ENTRY--TOPICAL TERM
Topical term or geographic name entry element Languages used in artificial intelligence
9 (RLIN) 246750
700 ## - ADDED ENTRY--PERSONAL NAME
Personal name Drang, Diane E.
9 (RLIN) 246751
700 ## - ADDED ENTRY--PERSONAL NAME
Personal name Edelson, Barry.
9 (RLIN) 246752
942 ## - ADDED ENTRY ELEMENTS (KOHA)
Source of classification or shelving scheme Dewey Decimal Classification
Koha item type Book
Edition 1st
Call number prefix 006.3 LEVR
Holdings
Withdrawn status Lost status Damaged status Not for loan Collection code Home library Current library Date acquired Total Checkouts Full call number Barcode Date last seen Price effective from Koha item type
        MCA St Aloysius Institute of Management & Information Technology St Aloysius Institute of Management & Information Technology 07/16/2021   006.3 LEVR MCA00827 05/23/2026 07/16/2021 Book